Loading...
| LEADER | 00500nam a2200157Ia 4500 | ||
|---|---|---|---|
| 008 | 150624b xxu||||| |||| 00| p mal d | ||
| 082 | |a 851.85A7 | ||
| 100 | |a Abdurahiman P. T. | ||
| 245 | |c Abdurahiman P. T. |a Raagamalika / | ||
| 260 | |a Kozhikode : |b Author , |c 1989. | ||
| 300 | |a 88 p. | ||
| 546 | |a In Malayalam. | ||
| 650 | |v Poetry | ||
| 942 | |c BK | ||
| 999 | |c 82346 |d 82346 | ||
| 952 | |0 0 |1 0 |4 0 |6 851_000000000000000_85A7_RAG_M |7 0 |9 82290 |a UL |b UL |c ST2 |d 1998-09-15 |l 0 |o 851.85A7 RAG M |p 64017 |r 2012-10-27 |w 2012-10-27 |y BK | ||